000 01086nam a2200349 i 4500
001 768714001
003 CO-MdFUSB
005 20210729172616.0
007 ta
008 200626t2000 ck a|||| |||| 00| 0 eng d
020 _a[No incluye ISBN]
040 _aCO-MdFUSB
_bspa
_cCO-MdFUSB
_dCO-MdFUSBC
_erda
041 _aspa
082 _223
_a221.08998
_bT928
110 _aLa Liga Bíblica,
245 1 _aTupana puraca´alo mari :
_btraducción de las escrituras sagradas, porciones del Antiguo Testamento en Yucuna
_c/ La Liga Bíblica,
250 _aprimera edición
264 1 _aColombia :
_bLa Liga Bíblica,
_c[2000]
264 4 _c© 2000
300 _a490 páginas
_c; 21 cm
336 _2rdacontent
_atexto
_btxt
337 _2rdamedia
_asin mediación
_bn
338 _2rdacarrier
_avolumen
_bnc
505 _aLibros de génesis a Proverbios
563 _aRústico
630 0 _aBiblia.
_pAntiguo Testamento
_zColombia
630 0 7 _aBiblia.
_pAntiguo Testamento
_vTraducción.
653 _aBiblia --
942 _cBK
945 _aJTF-925
999 _c66320
_d66320